Catalogue of books, for sale by Carter and Wilkinson, at the Providence Book-Store, opposite the market.

Bibliographic Details
Corporate Author: Carter and Wilkinson
Other Authors: Carter, John, 1745-1814, Wilkinson, William, 1760-1852
Format: eBook
Language:English
Series:Early American imprints. Evans (1639-1800) ; no. 28396.
Subjects:
Online Access:Evans Digital Edition

MARC

Tag First Indicator Second Indicator Subfields
LEADER 00000cam a2200000 a 4500
001 in00002163321
006 m e d #
007 cr mn mmmmabba
008 810903s1795 riu s 000 0 eng d
005 20260331150812.4
035 |z w010566 
035 |a MAAR8109034531B 
035 |9 mwa91-5938 
035 |a 334217 
035 |a aas03010566 
040 |a MWA  |c MWA  |e bdrb  |d UtOrBLW 
110 2 |a Carter and Wilkinson. 
245 1 0 |a Catalogue of books, for sale by Carter and Wilkinson, at the Providence Book-Store, opposite the market. 
264 3 |a [Providence] :  |b [Printed by Carter and Wilkinson],  |c [1795] 
300 |a 1 sheet (1 unnumbered page) ;  |c 46 x 29 cm. 
336 |a text  |b txt  |2 rdacontent 
337 |a computer  |b c  |2 rdamedia 
338 |a online resource  |b cr  |2 rdacarrier 
500 |a Two editions noted: one, Alden 1410, has list of maps in single column within third column; the other, Alden 1411, has list of maps in two narrow columns within third column. Evans 28396 does not note variation. 
500 |a Dated 1795 on the basis of the publication dates of the books listed. 
500 |a Text in three columns; printed area measures 43.6 x 22.7 cm. 
510 4 |a Evans  |c 28396 
510 4 |a Alden, J.E. Rhode Island,  |c 1411 
510 4 |a Winans, R.B. Book cats.,  |c 199 
530 |a Microform version available in the Readex Early American Imprints series. 
533 |a Electronic text and image data.  |b [Chester, Vt. :  |c Readex, a division of Newsbank, Inc.,  |d 2002-2004.  |e Includes files in TIFF, GIF and PDF formats with inclusion of keyword searchable text.  |f (Early American imprints. First series ; no. 28396). 
500 |a Electronic resource. 
650 0 |a Booksellers and bookselling  |z Rhode Island  |z Providence. 
655 7 |a Booksellers' catalogues  |z Rhode Island  |z Providence.  |2 rbgenr 
655 7 |a Broadsides.  |2 rbgenr 
700 1 |a Carter, John,  |d 1745-1814. 
700 1 |a Wilkinson, William,  |d 1760-1852. 
752 |a United States  |b Rhode Island  |d Providence. 
830 0 |a Early American imprints.  |n Series I,  |p Evans (1639-1800) ;  |v no. 28396. 
856 4 1 |u http://proxy.library.tamu.edu/login?url=https://opac.newsbank.com/select/evans/28396  |y Evans Digital Edition  |t 0 
999 |a MARS 
999 f f |s 31c4ea47-9791-3d68-a842-6d14b6649b92  |i a7e7a7e9-49d4-3000-901d-f5d57e8fd3e4  |t 0 
952 f f |a Texas A&M University  |b College Station  |c Electronic Resources  |s www_evans  |d Available Online  |t 0  |h No information provided 
998 f f |t 0  |l Available Online